| 000 | 00354 a2200157 4500 | ||
|---|---|---|---|
| 001 | 168585 | ||
| 020 | _a | ||
| 040 | _cMagnum | ||
| 100 | _aBruno, Fatima Cabral | ||
| 240 | 1 | 0 |
_aHacia el espanol: nivel intermedio _lESP |
| 245 | 1 | 0 | _aHacia el espanol: nivel intermedio |
| 362 | 0 | _a1899 | |
| 440 | 1 | _aSaraiva | |
| 697 | _aPARADIDATICO | ||
| 942 | _cBK | ||
| 999 |
_c168585 _d168585 |
||